संस्कृत शतकपरम्परा और आचार्य विद्यासागर के शतक (Record no. 192620)
| 000 -LEADER | |
|---|---|
| fixed length control field | 00467nam a2200157Ia 4500 |
| 003 - CONTROL NUMBER IDENTIFIER | |
| control field | LDD |
| 008 - FIXED-LENGTH DATA ELEMENTS--GENERAL INFORMATION | |
| fixed length control field | 190327s9999 xx 000 0 und d |
| 040 ## - CATALOGING SOURCE | |
| Transcribing agency | LDD |
| 082 ## - DEWEY DECIMAL CLASSIFICATION NUMBER | |
| Classification number | 8S1.09 म6607सं |
| 100 ## - MAIN ENTRY--PERSONAL NAME | |
| Personal name | मलैया, आशालता |
| 245 #0 - TITLE STATEMENT | |
| Title | संस्कृत शतकपरम्परा और आचार्य विद्यासागर के शतक |
| 260 ## - PUBLICATION, DISTRIBUTION, ETC. | |
| Date of publication, distribution, etc. | 1989 |
| 300 ## - PHYSICAL DESCRIPTION | |
| Extent | 471 |
| 942 ## - ADDED ENTRY ELEMENTS (KOHA) | |
| Source of classification or shelving scheme | Dewey Decimal Classification |
| Koha item type | Books |
| 949 ## - LOCAL PROCESSING INFORMATION (OCLC) | |
| a | G008216 |
| Withdrawn status | Lost status | Source of classification or shelving scheme | Damaged status | Not for loan | Home library | Current library | Date acquired | Total Checkouts | Full call number | Barcode | Date last seen | Price effective from | Koha item type |
|---|---|---|---|---|---|---|---|---|---|---|---|---|---|
| No | Dewey Decimal Classification | Library and Documentation Division | Library and Documentation Division | 03/27/2019 | 8S1.09 म6607सं | G008216 | 03/27/2019 | 03/27/2019 | Books |
